[Event "Stay Safe Play From Home 266"]
[Site "Emanuel Lasker Arena"]
[Date "2020.06.30"]
[Round "5"]
[White "EL sanbary"]
[Black "The Next Contender"]
[Result "0-1"]
[WhiteElo "1922"]
[BlackElo "1915"]
[Annotator "TA"]
[PlyCount "80"]
[EventDate "2020.06.30"]
[EventType "swiss (blitz)"]

{[%evp 9,80,33,46,27,74,66,68,69,72,61,98,79,90,96,77,50,63,53,44,13,135,0,77,0,0,-7,-17,-2,9,10,104,97,93,57,120,115,122,115,135,120,168,154,218,216,225,67,72,48,100,35,40,34,46,32,62,60,89,90,104,106,29996,0,34,0,128,21,121,0,157,0,0,0,0]} 1. c4 d5 2. cxd5 Qxd5 3. Nc3 Qa5 4. g3 c6 5. Bg2 Nf6 6. Nf3 {A10: English Opening: Unusual Replies for Black.} Bf5 7. O-O e6 8. d4 {White is slightly better.} Be7 9. Ne5 O-O 10. e4 Bg6 {[#]} 11. Nxg6 $146 ({Predecessor:} 11. Be3 Bb4 12. Nxg6 fxg6 13. Qb3 Kh8 14. Qxe6 Bxc3 15. bxc3 Qxc3 16. e5 Nh5 17. Qe7 Na6 18. Qxb7 Nb4 19. Rfc1 Qb2 20. Rab1 Rab8 21. Rxb2 Rxb7 22. a3 {1-0 (22) Voigt,F-Gallmeister,C Herne 2006}) 11... hxg6 12. f4 Rd8 13. Be3 Nbd7 14. Qd2 {Black should prevent Nd5.} Rac8 (14... Ng4 $11) 15. Rad1 (15. Nd5 $1 $16 {[%cal Rd5e7]} Qxd2 16. Nxe7+ Kf8 17. Nxg6+ $1 {[%mdl 512]} (17. Bxd2 Kxe7 18. f5 gxf5 $16) 17... fxg6 18. Bxd2) 15... Qc7 (15... Bb4 $11) 16. Rc1 (16. Qe2 $16) 16... Ng4 $11 17. h3 Nxe3 18. Qxe3 c5 19. d5 $36 {[%mdl 2048] Strongly threatening e5. White is pushing.} exd5 (19... e5 $11) 20. Nxd5 $16 {[%mdl 64] Double Attack} Qd6 21. Kh2 Bf8 (21... Nb6 $14) 22. Rcd1 Qe6 23. e5 Nb6 {[%cal Rb6d5]} 24. Nc3 Nc4 25. Qf2 Qb6 (25... Nb6 $16 {was called for.} 26. Bxb7 Rb8) 26. b3 $18 Na3 {[#]} 27. Ne4 $2 (27. Nd5 $1 $18 {[%cal Rd5b6]} Qe6 28. h4) 27... Nb5 28. Rd2 Rd4 (28... Be7 $14) 29. Rfd1 (29. f5 $16) 29... Rcd8 $14 30. Rxd4 Rxd4 31. Rxd4 cxd4 32. Qd2 Bc5 33. Qd3 ({Much worse is} 33. Nxc5 $6 Qxc5 34. Be4 (34. Bxb7 Qc3 $17) 34... Qb6 $11) 33... Bb4 34. Qc4 Bc3 $2 {[%mdl 8192]} (34... Be7 $16) 35. Nxc3 $2 (35. Qc8+ {mates} Qd8 36. Qxd8+ Kh7 37. Ng5+ {[%mdl 64] Double Attack, Discovered Attack} Kh6 38. Qh8#) 35... Nxc3 36. a4 Qd8 (36... Nd1 $11 {remains equal.}) 37. Qd3 ({White should try} 37. Bxb7 $16 {aiming for Bf3.} a5 38. Bf3) 37... Na2 (37... b6 $11) 38. f5 (38. e6 $16) 38... Nb4 $2 (38... gxf5 $11 39. Qxf5 g6) 39. Qe4 $2 (39. Qc4 $16 Nc6 40. fxg6 Nxe5 41. gxf7+ Kf8 42. Qc5+ {[%mdl 64] Double Attack} Qe7 43. Qxd4) 39... gxf5 $11 40. Qxf5 {And now e6 would win.} d3 {[%mdl 32768] Accuracy: White = 55%, Black = 36%. . Loss on time!?} 0-1

[Event "Stay Safe Play From Home 266"]
[Site "Emanuel Lasker Arena"]
[Date "2020.06.30"]
[Round "5"]
[White "Patzeroglu"]
[Black "Buzaglo"]
[Result "0-1"]
[WhiteElo "1903"]
[BlackElo "1824"]
[Annotator "TA"]
[PlyCount "60"]
[EventDate "2020.06.30"]
[EventType "swiss (blitz)"]

{[%evp 9,60,42,75,79,80,63,92,26,120,89,99,88,89,55,61,40,48,47,54,11,12,-5,10,-8,51,39,302,0,18,16,13,-132,0,0,0,0,0,0,0,0,0,-77,-77,-77,-77,-95,-77,-95,-79,-212,-41,-286,-279]} 1. e4 e6 2. d4 d5 3. Nc3 c6 4. Nf3 Be7 5. Bd3 dxe4 6. Nxe4 {B15: Caro-Kann: 3 Nc3: 3...g6 and 3...dxe4 4 Nxe4 Nf6 5 Nxf6+ exf6.} Nf6 7. O-O O-O {[#]} 8. Bg5 $146 (8. c3 $16) ({Predecessor:} 8. c3 Nbd7 9. Re1 Re8 10. Bf4 b6 11. Ne5 Bb7 12. Ng5 Rf8 13. Qf3 g6 14. Nxc6 Bxc6 15. Qxc6 {1-0 (22) Schmieder,S (1796)-Lehmann,W (1585) Wiesbaden 2016}) 8... h6 (8... Nxe4 $11 9. Bxe7 Qxe7 10. Bxe4 Nd7) 9. Bxf6 Bxf6 10. Nxf6+ Qxf6 11. c3 c5 12. Qe2 $36 {[%mdl 2048] White fights for an advantage.} cxd4 13. Qe4 {[%csl Gd3][%cal Re4h7] [#]} g6 14. cxd4 Nc6 15. Rac1 Bd7 16. Ne5 Nxe5 ({Black should play} 16... Rfd8 $11) 17. dxe5 $14 Qf5 $2 {[%mdl 8192]} (17... Qd8 $14) 18. Qxf5 $2 (18. Qd4 $18 Qh5 19. Qxd7) 18... gxf5 19. Rfd1 Bc6 20. a4 (20. f4 $11) 20... a5 (20... Bxa4 $17 21. Bc2 Bb5) 21. Bb5 $11 Rac8 22. Bxc6 Rxc6 23. Rxc6 bxc6 {[%mdl 4096] Endgame KR-KR} 24. Rd6 Rb8 25. h4 (25. g3 $11) 25... Rxb2 $17 26. Rxc6 Rb4 27. Rc8+ Kg7 28. h5 Rxa4 29. g3 {[#]} (29. Ra8 $17 {was called for.}) 29... Re4 $2 (29... f4 $1 $19 30. Rc3 fxg3 31. Rxg3+ Kf8) 30. Kg2 $2 (30. f4 $15) 30... Rxe5 {Accuracy: White = 39%, Black = 55%.} 0-1

[Event "Stay Safe Play From Home 266"]
[Site "Emanuel Lasker Arena"]
[Date "2020.06.30"]
[Round "6"]
[White "Kubas"]
[Black "Lazieri3"]
[Result "1-0"]
[WhiteElo "2399"]
[BlackElo "2073"]
[Annotator "TA"]
[PlyCount "75"]
[EventDate "2020.06.30"]
[EventType "swiss (blitz)"]

{[%evp 9,75,27,44,24,45,47,56,47,56,56,79,71,68,54,70,64,89,-47,91,98,102,95,117,106,114,111,115,110,376,273,253,147,151,148,162,131,126,120,148,154,171,161,185,113,199,63,172,167,350,299,279,264,288,222,305,300,371,352,468,433,466,345,552,531,722,485,6131,6746]} 1. Nf3 c6 2. e3 d5 3. c4 Nf6 4. Nc3 Bf5 5. cxd5 Nxd5 6. Qb3 {A11: English Opening: 1...c6.} Nxc3 7. bxc3 {[#] aiming for Ne5.} (7. Qxb7 Nd7 $16) 7... Qb6 8. d4 {White is slightly better.} Qxb3 9. axb3 {[#]} e6 $146 ({Predecessor:} 9... Bc2 10. Nd2 Bg6 11. Ba3 Nd7 12. Be2 e5 13. Bxf8 Rxf8 14. Nc4 exd4 15. exd4 Kd8 {½-½ (29) Storer,H (1720)-Proksch,G (1945) Deutschlandsberg 2018}) 10. Be2 Nd7 11. O-O a6 12. Nd2 Nf6 13. f3 (13. Nc4 $16) 13... h6 (13... Nd5 $15 {stays ahead.}) 14. e4 $16 Bh7 15. Nc4 $36 {[%mdl 2048] Black is under strong pressure.} Be7 16. Nb6 Rd8 17. Bf4 Nd7 18. Nc4 {Na5 is the strong threat.} Bf6 $2 {[%mdl 8192] [#]} (18... Nf6 $16 19. Bc7 Rc8) 19. Na5 e5 20. Be3 (20. dxe5 $18 Bxe5 21. Bxe5 (21. Nxb7 Bxf4 22. Nxd8 Be3+ 23. Kh1 Kxd8 $11) 21... Nxe5 22. Nxb7) 20... exd4 21. cxd4 Rb8 22. Rac1 O-O 23. Rfd1 g5 24. d5 cxd5 25. Rxd5 Ne5 26. Bd4 (26. Rc7 $18) 26... Rfe8 (26... Rbd8 $16) 27. Kf2 (27. Nc4 $18 Rbc8 28. Rc3) 27... Kg7 ({Black should try} 27... Red8 $14 28. Bxe5 Rxd5 29. Bxb8 Rxa5) 28. Rc7 $18 Nc6 $2 (28... Rbd8 {was worth a try.}) 29. Nxc6 bxc6 30. Bxf6+ ({But not} 30. Rxc6 $6 Bxd4+ 31. Rxd4 Rxb3 $16) 30... Kxf6 31. Rxc6+ Kg7 32. Bc4 ({Less strong is} 32. Rxa6 Rxb3 33. Rd2 Re7 $16) 32... Red8 33. Rxa6 Rxd5 34. Bxd5 Bg6 35. Ra7 Kf6 (35... Rc8 {is a better defense.} 36. Bc4 Kf8) 36. Ke3 {White is clearly winning.} Ke5 37. Rb7 Kd6 (37... Rc8 $142 38. Bc4 Kf6) 38. Rxb8 {Accuracy: White = 54%, Black = 32%.} 1-0

[Event "Stay Safe Play From Home 266"]
[Site "Emanuel Lasker Arena"]
[Date "2020.06.30"]
[Round "6"]
[White "Physikus"]
[Black "Lamborghini"]
[Result "1-0"]
[WhiteElo "2083"]
[BlackElo "2343"]
[Annotator "TA"]
[PlyCount "83"]
[EventDate "2020.06.30"]
[EventType "swiss (blitz)"]

{[%evp 27,82,55,85,30,116,50,52,57,61,1,209,219,229,217,217,39,108,130,116,128,145,146,153,145,182,200,262,260,276,288,270,106,167,141,229,120,289,97,153,47,81,0,0,-437,29991,29992,29995,29994,29995,29995,29996,29996,29997,29997,29998,29999,29999]} 1. e4 c5 2. Nf3 d6 3. d4 cxd4 4. Nxd4 Nf6 5. Nc3 g6 6. Be3 Bg7 7. f3 O-O 8. Qd2 Nc6 9. O-O-O d5 10. exd5 Nxd5 11. Nxc6 bxc6 12. Bd4 e5 13. Bc5 Be6 14. Ne4 Rb8 15. g4 {B76: Sicilian Dragon: Yugoslav Attack, 9 g4 and 9 0-0-0.} (15. Bxf8 Qxf8 16. Qa5 Qe7 $11) (15. Bc4 $16) 15... Qc7 (15... f5 $11 16. gxf5 (16. Bxf8 Qxf8 17. gxf5 gxf5 $17) 16... gxf5) 16. Bc4 (16. Bxf8 $16 Bxf8 17. Bc4) 16... Rfd8 $14 17. Qf2 {[#] White is slightly better.} a5 $146 ({Predecessor:} 17... h6 18. Bb3 a5 19. h4 f5 20. gxf5 gxf5 21. Nc3 Kh7 22. Na4 Qf7 23. Rhe1 Bf6 {0-1 (35) Parkanyi,A (2350)-Kutuzovic,B (2395) Harkany 1997}) 18. g5 (18. a4 $14) 18... Nf4 $2 (18... Qb7 $11 {and Black stays safe.} 19. b3 a4) 19. Bxe6 $1 $18 Nxe6 20. Bd6 $1 {[%cal Rd6c7][%mdl 64] Skewer} Rxd6 21. Nxd6 $2 ({White has to play} 21. Rxd6 $18 Nxg5 22. Rhd1 Nxe4 23. fxe4 Bh6+ 24. Kb1) 21... e4 (21... Nxg5 $14 22. c3 Nh3) 22. c3 $16 Nxg5 23. Nxe4 Nxe4 24. fxe4 a4 25. a3 $1 Qb7 {White must now prevent ...Bxc3!} 26. Rd3 Bh6+ 27. Kb1 Qb3 28. Rhd1 Bg5 29. h4 $2 (29. Qc2 $18 {is more deadly.}) 29... Be7 (29... Bxh4 $16 30. Qc2 Kg7) 30. Rd7 {c4 is the strong threat.} Qe6 {[#]} (30... Bxa3 $16 31. R1d2 Bf8) 31. Qd4 (31. h5 $1 $18) 31... h5 $2 (31... Bxa3 $16 32. Rd2 Be7) 32. e5 $2 (32. Qxa4 $18 {and the rest is easy. And now Rc7 would win.} c5 33. Ka1) 32... Bxh4 ({Better is} 32... Bxa3 33. Rd8+ Rxd8 34. Qxd8+ Bf8) 33. Rd6 ({Not} 33. Qxh4 Rxb2+ 34. Kxb2 Qb3+ 35. Kc1 Qxc3+ 36. Kb1 Qb3+ 37. Ka1 Qc3+ 38. Kb1 Qb3+ 39. Kc1 Qc3+ 40. Kb1 $11) (33. Qxa4 $16 Be7 34. Qa7) 33... Qf5+ $14 34. Ka2 (34. Ka1 $16 Be7 35. Rd7 (35. Qxa4 Bxd6 36. exd6 Qg4 $11) (35. Rxc6 Bxa3 36. Rb6 Rxb6 $11)) 34... Be7 35. Rxc6 $2 {[%mdl 8192] [#]} (35. Qxa4 $11 {and White is okay.} Bxd6 36. exd6) 35... Qf2 $4 {[%mdl 8192]} (35... Qc2 $1 $19 {[%mdl 512]} 36. c4 Rb3 37. Rc8+ Kh7) 36. Qxf2 {White mates.} f5 37. Rc7 Bf8 38. Qd4 Rb5 39. Qc4+ {[%mdl 64] Double Attack} Kh8 40. Qxb5 Bg7 41. Qd7 {[%csl Gc7][%cal Rd7g7]} Kh7 42. Qxg7# {Accuracy: White = 32%, Black = 29%.} 1-0

[Event "Stay Safe Play From Home 266"]
[Site "Emanuel Lasker Arena"]
[Date "2020.06.30"]
[Round "6"]
[White "Fischer_11"]
[Black "Mepe_Nika"]
[Result "0-1"]
[WhiteElo "1993"]
[BlackElo "2324"]
[Annotator "NA"]
[PlyCount "40"]
[EventDate "2020.06.30"]
[EventType "swiss (blitz)"]

1. e4 {[%emt 0:00:02]} e5 {[%emt 0:00:02]} 2. Nc3 {[%emt 0:00:01]} Nf6 {[%emt 0:00:01]} 3. Bc4 {[%emt 0:00:01]} Nxe4 {[%emt 0:00:02]} 4. Bxf7+ {[%emt 0:00:03]} Kxf7 {[%emt 0:00:01]} 5. Nxe4 {[%emt 0:00:00]} Be7 {[%emt 0:00:02]} 6. Qf3+ {[%emt 0:00:00]} Kg8 {[%emt 0:00:03]} 7. d4 {[%emt 0:00:06]} Nc6 {[%emt 0:00:05]} 8. dxe5 {[%emt 0:00:02]} Nxe5 {[%emt 0:00:03]} 9. Qe2 {[%emt 0:00:01]} d5 {[%emt 0:00:02]} 10. Nc3 {[%emt 0:00:05]} Bf6 {[%emt 0:00:04]} 11. Nf3 {[%emt 0:00:01]} Bg4 {[%emt 0:00:01]} 12. h3 {[%emt 0:00:02]} Bxf3 {[%emt 0:00:01]} 13. gxf3 {[%emt 0:00:00]} Kf7 {[%emt 0:00:02]} 14. Be3 {[%emt 0:00:03]} Re8 {[%emt 0:00:06]} 15. O-O-O {[%emt 0:00:02]} c6 {[%emt 0:00:01]} 16. f4 {[%emt 0:00:01]} Nc4 {[%emt 0:00:01]} 17. Qd3 {[%emt 0:00:04]} Qa5 {[%emt 0:00:01]} 18. Bd4 {[%emt 0:00:03]} Qb4 {[%emt 0:00:02]} 19. b3 {[%emt 0:00:02]} Qa3+ {[%emt 0:00:01]} 20. Kb1 {[%emt 0:00:03]} Qb2# {[%emt 0:00:00] (Lag: Av=0.36s, max=0.5s)} 0-1

[Event "Stay Safe Play From Home 266"]
[Site "Emanuel Lasker Arena"]
[Date "2020.06.30"]
[Round "6"]
[White "The Next Contender"]
[Black "Haxhi Baha"]
[Result "0-1"]
[WhiteElo "1932"]
[BlackElo "2057"]
[Annotator "TA"]
[PlyCount "58"]
[EventDate "2020.06.30"]
[EventType "swiss (blitz)"]

{[%evp 10,58,68,41,34,-6,-7,-7,-6,-40,-50,-136,-16,-231,-229,-222,-168,-513,-208,-200,-175,-591,-586,-565,-500,-602,-603,-594,-595,-577,-136,-565,-586,-737,-747,-939,-917,-928,-917,-914,-906,-1018,-1008,-1073,-1045,-1021,-1031,-993,-978,-29992,-29993]} 1. d4 d5 2. c4 e5 3. dxe5 d4 4. Nf3 Nc6 5. a3 Nge7 6. e3 {[%cal Re3d4]} Bg4 {6...Nf5 might become the main line. D07: Queen's Gambit: Chigorin Defence.} 7. exd4 Bxf3 $1 8. Qxf3 {[#] Black must now prevent d5.} Qxd4 {The position is equal.} 9. Be2 Qxe5 {[#]} 10. O-O $146 (10. Qf4 $1 $15) ({Predecessor:} 10. Qe3 Qxe3 11. Bxe3 Nf5 12. Bf4 Nfd4 13. Bd1 O-O-O 14. O-O h6 15. Nc3 g5 16. Be3 {0-1 (33) Evans,N (1755)-Adebajo,O (1934) Penarth 2013}) 10... O-O-O (10... Nd4 $17 11. Qxb7 Nxe2+ 12. Kh1 Rd8) 11. Re1 $2 {[#]} (11. Nc3 $11 {and White is okay.}) 11... Nd4 $1 $19 {[%cal Rd4f3]} 12. Qh3+ f5 {...Nc2 is the strong threat.} 13. Be3 $2 (13. Nd2 {is a better chance.}) 13... Nc2 (13... Nxe2+ $142 14. Kh1 Nc6) 14. Nc3 Nxa1 15. Bxa7 $2 (15. Rxa1 {is more resistant.} Nc6 16. Bf3) 15... Nc2 16. Rc1 Nd4 17. Bf1 Nec6 18. Bxd4 Nxd4 19. Nd5 Nb3 $2 (19... Bd6 $19 {is more deadly.} 20. f4 Qe4) 20. Rd1 $2 {[%mdl 8192] Now White is beyond hope.} (20. Qxb3 $17 {nothing else works.} Bc5 21. Rc2) 20... Bd6 21. Bd3 g6 22. c5 Nxc5 23. Nb4 Nxd3 24. Nxd3 Qb5 25. Rc1 Kb8 26. Nb4 Bxb4 27. axb4 Qxb4 28. Qg3 f4 29. Qd3 Rxd3 {Accuracy: White = 14%, Black = 50%.} 0-1

[Event "Stay Safe Play From Home 266"]
[Site "Emanuel Lasker Arena"]
[Date "2020.06.30"]
[Round "6"]
[White "Patzeroglu"]
[Black "Bardellosport"]
[Result "1-0"]
[WhiteElo "1882"]
[BlackElo "1989"]
[Annotator "TA"]
[PlyCount "65"]
[EventDate "2020.06.30"]
[EventType "swiss (blitz)"]

{[%evp 9,65,45,119,113,114,122,108,91,149,147,145,100,187,191,228,232,264,254,255,216,1369,1366,1960,1863,1865,1747,2292,2287,29987,29985,29992,29993,29994,29981,29992,29993,29993,29993,29994,29995,29996,29991,29991,29990,29990,29991,29991,5102,29992,29993,29994,29995,29995,29993,29993,29994,29998,29994]} 1. e4 d6 2. d4 g6 3. Nc3 Bg7 4. f4 Nc6 5. Nf3 e5 {[#]} (5... Bg4 $14) 6. dxe5 $1 $16 {B06: Modern Defence.} dxe5 {[#]} 7. Qxd8+ $1 Kxd8 {[#]} 8. Bb5 $146 {White is better.} ({Predecessor:} 8. fxe5 h6 9. Bf4 g5 10. O-O-O+ Bd7 11. Bg3 g4 12. Nd4 Nge7 13. Bb5 Kc8 14. Rhf1 {1-0 (23) Aleksandrov,A (2596)-Filipets,E (2240) Minsk 2015}) 8... Bd7 ({Better is} 8... Nd4) 9. Bxc6 Bxc6 10. fxe5 Ne7 (10... Kd7 $16 11. O-O Re8) 11. Bg5 $18 h6 12. Bf6 Rg8 13. O-O-O+ Ke8 14. Nd5 Rc8 $2 (14... Bxd5 15. exd5 Kd7) 15. Nxe7 Bxf6 16. exf6 Bd7 17. Nxg8 Kf8 18. Nxh6 Bc6 19. h3 Re8 20. e5 a6 21. Ng4 Be4 22. Ng5 Bf5 23. Rhf1 c5 {[#]} 24. Rxf5 $1 gxf5 25. Ne3 Rxe5 26. Rd8+ Re8 27. Nh7+ Kg8 28. Rxe8+ Kxh7 29. Nd5 {White mates.} Kg6 30. Rg8+ Kh5 31. g4+ Kh4 32. gxf5 b5 33. Nc7 {Accuracy: White = 79%, Black = 13%.} 1-0

[Event "Stay Safe Play From Home 266"]
[Site "Emanuel Lasker Arena"]
[Date "2020.06.30"]
[Round "6"]
[White "Buzaglo"]
[Black "SoulofWolf"]
[Result "0-1"]
[WhiteElo "1845"]
[BlackElo "2218"]
[Annotator "TA"]
[PlyCount "86"]
[EventDate "2020.06.30"]
[EventType "swiss (blitz)"]

{[%evp 13,85,-25,0,-9,-1,-4,3,0,0,0,0,0,0,-5,31,-14,-6,-11,3,-10,0,-25,-19,-16,0,-15,-8,-126,22,-18,0,-55,-22,-19,-25,-38,0,-107,-108,-305,-307,-599,-580,-594,-587,-555,-512,-5327,-5326,-29978,-29979,-29992,-29988,-29996,-29987,-29990,0,-29992,-29993,-29992,-29993,-29993,-29992,-29994,-29990,-29995,-29996,-29997,-29998,-29998,-29998,-29998,-29999,-29999]} 1. d4 d5 2. Nf3 Nf6 3. g3 e6 4. Bg2 Be7 5. O-O O-O 6. Nbd2 c5 7. c4 Nbd7 8. dxc5 {E07: Closed Catalan: Main Line (5 Nf3 0-0 6 0-0 Nbd7).} Nxc5 9. cxd5 {[#]} Qxd5 $146 ({Predecessor:} 9... Nxd5 10. Nb3 Nxb3 11. Qxb3 a5 {½-½ (11) Kurajica,B (2555)-Savic,M (2539) Banja Vrucica 2009}) 10. Nb3 {The position is equal.} (10. b3 {with more complications.} Bd7 11. Nc4 Bc6 12. Qxd5 Bxd5 13. Ne3) 10... Nxb3 11. Qxd5 Nxd5 12. axb3 Bd7 13. Bd2 Bf6 14. Rab1 (14. e4 $5 {[%cal Re4d5]} Nb6 15. e5 $14) 14... Rfc8 15. e4 Nb6 16. e5 Be7 17. Bc3 Bb5 18. Rfd1 Nd5 19. Rbc1 Be2 $36 {[%mdl 2048] Black fights for an advantage.} 20. Rd2 {[#]} (20. Re1 $11 Bd3 21. Red1) 20... Bb5 ({Black should try} 20... Bxf3 $1 $17 21. Bxf3 Bg5 22. Rxd5 Bxc1) 21. Rdc2 h6 22. Be1 (22. Nd4 $11 Bd3 23. Rd2) 22... Rd8 23. Nd4 Bd3 24. Rd2 Bg6 (24... Bg5 $5 {[%cal Rg5d2]} 25. f4 Nxf4 26. gxf4 Bxf4 $15 {[%mdl 64] Double Attack}) 25. Bxd5 (25. Ne2 $11 {remains equal.}) 25... Rxd5 $17 {Black converts the advantage convincingly.} 26. Rc7 $2 (26. Nf3 $17) 26... Bb4 $19 ({Not} 26... Rxe5 27. Nf3 $15) 27. Rd1 $2 (27. Rc3) 27... Bxe1 {[%mdl 64] [#] Overworked Piece} 28. Rxe1 Rxd4 29. Rxb7 Be4 30. b4 (30. Rc7 $142 Bd5 31. Rec1) 30... Bxb7 31. b5 Rad8 32. b6 axb6 33. Kf1 Ba6+ 34. Kg2 Bb7+ $2 (34... Rd2 {mates} 35. g4 Bb7+ 36. Kf1 Bf3 37. Kg1 Rd1 38. h4 Rxe1+ 39. Kh2 Bc6 40. Kh3 Rd3+ 41. f3 Re2 42. g5 h5 43. Kg3 Rxf3#) 35. f3 $2 {[%mdl 8192]} (35. Kf1 $11 Bf3 36. Kg1 Rd1 37. h4 Rxe1+ 38. Kh2 Rh1#) 35... Rd2+ {[%mdl 64] Double Attack. Black mates.} 36. Kh3 Rxb2 37. Kg4 Rdd2 38. Rc1 Rdc2 39. Kf4 Rxc1 40. g4 Rc3 {[%csl Gb7][%cal Rc3f3]} 41. g5 Rxf3+ 42. Kg4 Rb4+ 43. Kh5 Rh3# {Accuracy: White = 44%, Black = 64%.} 0-1

[Event "Stay Safe Play From Home 266"]
[Site "Emanuel Lasker Arena"]
[Date "2020.06.30"]
[Round "6"]
[White "Klasman"]
[Black "EL sanbary"]
[Result "0-1"]
[WhiteElo "1317"]
[BlackElo "1905"]
[Annotator "TA"]
[PlyCount "46"]
[EventDate "2020.06.30"]
[EventType "swiss (blitz)"]

{[%evp 9,46,-24,-27,-32,-28,-47,-47,-89,-12,-25,-31,-31,-18,-32,0,0,2,-56,-34,-64,-59,-247,-238,-456,-458,-509,-187,-227,-76,-73,-73,-139,-102,-109,-104,-97,-102,-99,-60]} 1. f4 c5 2. Nf3 g6 3. e4 Bg7 4. e5 Nc6 5. Bb5 {[#]} Nd4 $146 ({Predecessor:} 5... d5 6. c3 Bg4 7. d3 Qb6 8. Ba4 e6 9. O-O Nge7 10. h3 Bxf3 11. Qxf3 h5 {½-½ (51) Briestenska,A (1918)-Janousek,P (2185) Tatranske Zruby 2011}) 6. Nxd4 {B21: Sicilian: 2 f4 and Morra Gambit.} cxd4 7. Qf3 Nh6 8. c3 {Black is slightly better.} dxc3 (8... O-O $17 {aiming for ...d6.} 9. cxd4 Nf5) 9. Nxc3 O-O 10. d4 Qb6 11. O-O Qxd4+ 12. Be3 Qb4 13. Rf2 ({White should try} 13. Bd3 $11 Qxb2 14. Nd5) 13... Nf5 14. a3 Qb3 15. Bc5 $2 {[#]} (15. Rd2 $15) 15... d6 $19 16. exd6 $2 (16. Be3) 16... exd6 17. Bb4 Be6 $2 (17... a5 18. Ba4 Qc4) 18. Bd3 a6 $2 {[#]} (18... a5 $19 {is more deadly.} 19. Bxf5 axb4 20. Bxe6 fxe6) 19. Bxf5 $17 Bxf5 20. Bxd6 ({Better is} 20. Rd1) 20... Rfe8 {White must now prevent ...Rad8.} 21. Be5 {Black is better.} Bxe5 22. fxe5 Rxe5 23. Raf1 Be6 {Accuracy: White = 40%, Black = 37%.} 0-1

[Event "Stay Safe Play From Home 266"]
[Site "Emanuel Lasker Arena"]
[Date "2020.06.30"]
[Round "7"]
[White "Kubas"]
[Black "Physikus"]
[Result "1-0"]
[WhiteElo "2404"]
[BlackElo "2110"]
[Annotator "TA"]
[PlyCount "57"]
[EventDate "2020.06.30"]
[EventType "swiss (blitz)"]

{[%evp 9,57,10,22,-12,14,13,14,6,13,-7,25,-12,18,-3,47,-20,28,-7,0,0,58,33,56,-77,-64,-72,-20,-83,234,233,248,202,195,197,208,140,191,60,385,76,129,139,916,867,833,721,753,753,1407,1386]} 1. d4 Nf6 2. c4 e6 3. Nc3 d5 4. Nf3 dxc4 5. e4 Bb4 6. Bxc4 {D24: Queen's Gambit Accepted: 3 Nf3 Nf6 4 Nc3.} Nxe4 7. O-O Nxc3 8. bxc3 {The position is equal.} Be7 {8...Bd6 injects fresh life into this line. Played by David Anton Guijarro in April 2020.} 9. Ne5 O-O 10. Qh5 {[#]} g6 $146 ({Predecessor:} 10... Nd7 11. Bf4 Nf6 12. Qf3 Nd5 13. Bg3 c6 14. Bb3 f6 15. Nc4 b5 16. Ne3 Bd7 {½-½ (47) Velten,P (2507)-Hera,I (2611) Brest 2019}) 11. Qh6 Bf6 12. Re1 (12. Ba3 $14) 12... Bg7 13. Qf4 Nd7 14. Ng4 $36 {[%mdl 2048] White has some pressure.} Nf6 (14... c5 $11) 15. Ba3 Nxg4 16. Qxg4 (16. Bxf8 $14 {was forced to keep a grip.} Qxf8 17. Qxg4) 16... Re8 $17 17. Qf3 a6 ({Black should play} 17... Rb8 $17) 18. Rab1 (18. Bc5 $11 {keeps the balance.}) 18... b5 $2 {[%mdl 8192]} (18... Rb8 $17 {and life is bright.}) 19. Qxa8 $18 bxc4 20. Rb8 Qd7 21. Qa7 h5 22. h3 e5 (22... Kh7 $16 {was necessary.} 23. Bb4 e5) 23. dxe5 (23. Bb4 $18) 23... Bxe5 $2 {[%mdl 8192] [#]} (23... Rxe5 $14 24. Rf1 Kh7) 24. Rbb1 $2 (24. Qa8 $1 $18) 24... g5 (24... Qf5 $142) 25. Qc5 $16 Bd6 $2 {[%mdl 8192]} (25... Qf5 $16 26. Qxc4 Kh7) 26. Qxg5+ $18 {White is clearly winning.} Kh7 27. Bxd6 {Threatening mate with Rxe8.} Rxe1+ 28. Rxe1 {[#] White wants to mate with Be5.} Qxd6 29. Qxh5+ {[%mdl 64] Double Attack. Accuracy: White = 42%, Black = 35%.} 1-0